000 00828nam a2200265Ia 4500
003 GCL
008 140319s9999 xx 000 0 ara d
020 _a91602759953
040 _aGCL /
_cGCL
082 0 4 _aط
_b001.2
_bد ل
100 1 _aديانا أبى عبود عيسى
245 1 0 _aلم أكن اعلم ان : الشمس هى كوكب /
_cديانا أبى عبود عيسى
700 1 _aبيتى، كات
260 _aبيروت :
_bدار المجانى ،
_c2002
300 _a33 ص ؛
_c25 سم
490 _aلم أكن أعلم أن
_v0
650 0 4 _aالثقافة
650 0 4 _aالفلك الوصفى
650 0 4 _aالمعرفة
650 0 4 _aالطاقة الشمسية
650 0 4 _aكتب الاطفال
650 0 4 _aالشمس
650 0 4 _aالاشعاع الشمسى
942 _2ddc
_cBK
999 _c9208
_d9208